Secured computing : a CISSP study guide (Record no. 5666)

MARC details
000 -LEADER
fixed length control field 00555nam a2200169Ia 4500
003 - CONTROL NUMBER IDENTIFIER
control field SGT
020 ## - INTERNATIONAL STANDARD BOOK NUMBER
International Standard Book Number 9798173667007
082 ## - DEWEY DECIMAL CLASSIFICATION NUMBER
Classification number 5.8
Item number END
100 ## - MAIN ENTRY--PERSONAL NAME
Personal name Endorf, Carl F.
245 ## - TITLE STATEMENT
Title Secured computing : a CISSP study guide
250 ## - EDITION STATEMENT
Edition statement 2nd Ed.
260 ## - PUBLICATION, DISTRIBUTION, ETC. (IMPRINT)
Name of publisher, distributor, etc Shroff Publishers & Distributors Pvt. Ltd.
Place of publication, distribution, etc New Delhi
Year of Publication 2003
300 ## - PAGE DESCRIPTION
No. of Pages 538p.
650 ## - SUBJECT ADDED ENTRY--TOPICAL TERM
Topical term or geographic name as entry element COMPUTER SCIENCE
653 ## - KEYWORDS--INDEX TERM
Keyword term ACCESS CONTROL SYSTEM & METHODOLOGY,TELECOMMUNICATIONS & NETWORK SECURITY,SECURITY MANAGEMENT PRACTICES,CRYPTOGRAPHY,LAWS INVESTIGATIONS,AND ETHICS
942 ## - ADDED ENTRY ELEMENTS (KOHA)
Source of classification or shelving scheme Dewey Decimal Classification
Koha item type Books
Holdings
Withdrawn status Lost status Source of classification or shelving scheme Damaged status Not for loan Home library Current library Date acquired SGTU Total Checkouts Full call number Accession No. (Barcode) Date last seen Bill Date Koha item type
    Dewey Decimal Classification     SGT Engineering Library SGT Engineering Library 17/09/2013 SGTU   5.8 END FE6233 09/02/2015 09/02/2015 Books